| 000 | 00400cam a22001097a 4500 | ||
|---|---|---|---|
| 008 | 180718b1962 xxu||||| |||| 00| 0 eng d | ||
| 082 | _aY21x5 Un3 | ||
| 245 |
_aMining developments in Asia and the far east 1960 _cby Economic Commission For Asia and the Far East, Thailand |
||
| 260 |
_aBangkok _bUnited Nations _c1962 |
||
| 300 | _a85+p. | ||
| 700 | _aThailand.Economic Commission For Asia and the Far East | ||
| 999 |
_c499173 _d499173 |
||